[Event "Unknown"]
[Site "Unknown"]
[Date "1985.??.??"]
[Round "?"]
[White "Karpov, Anatoly"]
[Black "Kasparov, Gary"]
[Result "1-0"]
[WhiteElo "2720"]
[BlackElo "2715"]
[PlyCount "31"]
[EventDate "1985.??.??"]
[Source "www.chesslib.no"]
[SourceDate "2004.05.04"]

1. d4 d5 2. c4 e6 3. Nc3 Be7 4. Bf4 Nf6 5. e3 O-O 6. Nf3 c6 7. g4 Nfd7 8. Bg2 Nb6 9. O-O Kh8 10. Ne2 g5 11. Bg3 Bd6 12. Qd3 Na6 13. b3 Qe7 14. Bxd6 Qxd6 15. h4 h5 16. b4 1-0

[Event "Clichy"]
[Site "?"]
[Date "1995.??.??"]
[Round "?"]
[White "Kramnik, Vladimir"]
[Black "Renet, O."]
[Result "1-0"]
[WhiteElo "2730"]
[BlackElo "2520"]
[PlyCount "83"]
[EventDate "1995.??.??"]
[Source "ChessBase"]
[SourceDate "1995.10.01"]

1. Nf3 Nf6 2. c4 e6 3. Nc3 d5 4. d4 Be7 5. Qc2 O-O 6. cxd5 exd5 7. Bg5 Nbd7 8. e3 Re8 9. Bd3 Nf8 10. h3 Be6 11. O-O c6 12. Ne5 N6d7 13. Bxe7 Rxe7 14. f4 f6 15. Nf3 Nb6 16. Rae1 Nc8 17. g4 Nd6 18. Qg2 Kh8 19. f5 Bf7 20. Kh1 Qc7 21. Rg1 g5 22. h4 h6 23. Qh2 Ne8 24. Rg3 Nh7 25. Kg2 Bg8 26. hxg5 hxg5 27. Qh6 Qb6 28. Re2 Rd8 29. Rh3 Rg7 30. e4 dxe4 31. Nxe4 Rxd4 32. Nxd4 Qxd4 33. Kf1 Bf7 34. Rhe3 Nc7 35. Nf2 Nd5 36. Re4 Qc5 37. Bc4 Ne3+ 38. R2xe3 Bxc4+ 39. Kg1 Bg8 40. b3 a5 41. Re8 Rd7 42. Rh3 1-0

[Event "Clarin"]
[Site "Buenos Aires"]
[Date "1979.??.??"]
[Round "8"]
[White "Petrosian, Tigran V"]
[Black "Spassky, Boris V"]
[Result "1/2-1/2"]
[WhiteElo "2610"]
[BlackElo "2640"]
[PlyCount "38"]
[EventDate "1979.11.??"]
[Source "ChessBase"]

1. c4 e6 2. Nc3 d5 3. d4 Be7 4. Bf4 Nf6 5. e3 O-O 6. Nf3 c5 7. dxc5 Nc6 8. Qc2 Bxc5 9. Rd1 Qa5 10. a3 Be7 11. Nd2 a6 12. Be2 Bd7 13. O-O Rac8 14. Bg5 b5 15. cxb5 axb5 16. Bxb5 Nb4 17. Qb3 Bxb5 18. axb4 Qb6 19. Rfe1 Bd3 1/2-1/2

[Event "Keres Memorial rapi"]
[Site "?"]
[Date "1997.??.??"]
[Round "6"]
[White "Gavrikov Viktor"]
[Black "Andersson Ulf"]
[Result "1-0"]
[WhiteElo "2590"]
[BlackElo "2655"]
[PlyCount "67"]
[EventDate "1997.??.??"]
[Source "www.chesslib.no"]
[SourceDate "2004.05.04"]

1. Nf3 Nf6 2. c4 e6 3. Nc3 d5 4. d4 Be7 5. Qc2 dxc4 6. e4 c5 7. dxc5 Qa5 8. Bxc4 Qxc5 9. Qe2 Nc6 10. O-O O-O 11. h3 Nd7 12. Bf4 Nde5 13. Nxe5 Nxe5 14. Bb3 Nc6 15. Be3 Qa5 16. f4 b6 17. Rfd1 Ba6 18. Qf3 Rad8 19. f5 Ne5 20. Qg3 Bc4 21. Bh6 g6 22. Bxf8 Rxf8 23. Kh1 Bf6 24. fxe6 fxe6 25. Qe3 Nd3 26. Ne2 Ne5 27. Nd4 Bh4 28. Rac1 Bd3 29. a3 Qd5 30. Qxd3 a6 31. Bc2 b5 32. Ba4 bxa4 33. Ne2 a5 34. b4 1-0

[Event "Yerevan"]
[Site "?"]
[Date "1996.??.??"]
[Round "?"]
[White "Ehlvest, J."]
[Black "Lputian, Smbat G"]
[Result "1/2-1/2"]
[WhiteElo "2660"]
[BlackElo "2580"]
[PlyCount "45"]
[EventDate "1996.??.??"]
[Source "ChessBase"]
[SourceDate "1996.02.01"]

1. d4 d5 2. c4 e6 3. Nf3 Nf6 4. Nc3 Be7 5. Qc2 c5 6. dxc5 Na6 7. cxd5 Nxd5 8. e4 Ndb4 9. Qa4+ Bd7 10. Qd1 Nxc5 11. a3 Nc6 12. Be3 a5 13. Bb5 O-O 14. O-O Qc7 15. Rc1 Rfd8 16. Qe2 Ne5 17. Nxe5 Qxe5 18. f4 Qb8 19. e5 b6 20. b4 axb4 21. axb4 Bxb5 22. Nxb5 Na6 23. Rc6 1/2-1/2

[Event "World Cup"]
[Site "Khanty-Mansiysk RUS"]
[Date "2007.11.24"]
[Round "1.1"]
[White "Mamedov, Rau"]
[Black "Tomashevsky, E."]
[Result "1/2-1/2"]
[WhiteElo "2586"]
[BlackElo "2646"]
[PlyCount "267"]
[EventDate "2007.11.24"]
[Source "www.chesslib.no"]
[SourceDate "2004.05.04"]

1. d4 Nf6 2. c4 e6 3. Nf3 d5 4. Nc3 Be7 5. e3 O-O 6. Bd3 c5 7. O-O dxc4 8. Bxc4 a6 9. Bd3 Nbd7 10. a4 b6 11. b3 Bb7 12. Bb2 cxd4 13. exd4 Nd5 14. Nxd5 Bxd5 15. Bc4 Nf6 16. Qe2 Qc8 17. Ne5 Qb7 18. Bxd5 Nxd5 19. Qf3 Bg5 20. Bc1 Bf6 21. Ba3 Rfc8 22. Nc4 Rc6 23. Rac1 Rd8 24. Rfd1 h6 25. g3 Qc7 26. h4 b5 27. Ne3 bxa4 28. bxa4 Rxc1 29. Rxc1 Qa5 30. Nxd5 Qxd5 31. Qxd5 Rxd5 32. Rc8+ Kh7 33. Ra8 Ra5 34. Bc5 h5 35. Kg2 g6 36. Ra7 Kg7 37. Ra8 Rxa4 38. Ra7 Ra2 39. Bb6 Kg8 40. Ra8+ Kg7 41. Ra7 g5 42. hxg5 Bxg5 43. Kh3 Kg6 44. f4 Bf6 45. Bc5 a5 46. g4 hxg4+ 47. Kxg4 a4 48. Ra6 Kg7 49. f5 e5 50. dxe5 Bxe5 51. Ra8 Bb2 52. Bf8+ Kh7 53. Ra7 Ra1 54. Kh5 Kg8 55. Ra8 Kh7 56. Ra7 a3 57. Bxa3 Rxa3 58. Rxf7+ Kg8 59. Rb7 Be5 60. Kg4 Rg3+ 61. Kh4 Rg1 62. Rb6 Kf7 63. Rg6 Rf1 64. Kg5 Rh1 65. Kg4 Bf6 66. Kf4 Ra1 67. Ke4 Ra5 68. Kf4 Ke7 69. Ke4 Re5+ 70. Kf4 Re1 71. Kf3 Rf1+ 72. Ke4 Kf7 73. Rh6 Bg5 74. Rg6 Rf4+ 75. Ke5 Rg4 76. Kd5 Rg1 77. Ke4 Rg3 78. Kd5 Rg4 79. Ke5 Bf4+ 80. Ke4 Rh4 81. Kf3 Bc1 82. Rg4 Rh3+ 83. Ke4 Re3+ 84. Kd4 Re8 85. Rg6 Bb2+ 86. Kd3 Re5 87. Rb6 Bc1 88. Rb1 Bg5 89. Rf1 Kf6 90. Rf3 Re1 91. Kd4 Ra1 92. Kd5 Ra4 93. Rc3 Kxf5 94. Rc4 Ra1 95. Rc5 Be3 96. Rc8 Rd1+ 97. Kc6 Bd4 98. Re8 Be5 99. Re7 Ke4 100. Rd7 Rh1 101. Kb5 Rc1 102. Rd8 Bd4 103. Rd7 Rc5+ 104. Kb6 Ke5 105. Rc7 Rc1+ 106. Kb7 Rb1+ 107. Kc8 Ke6 108. Rc6+ Kd5 109. Rc7 Bc5 110. Rf7 Ke6 111. Rb7 Rh1 112. Kc7 Kd5 113. Kd7 Rh8 114. Rc7 Bb6 115. Rb7 Rh7+ 116. Kc8 Rh6 117. Rd7+ Kc6 118. Rc7+ Kb5 119. Re7 Rd6 120. Rd7 Re6 121. Kb7 Bc5 122.  c7 Rb6 123. Kc8 Kc4 124. Kc7 Rf6 125. Kb7 Kb5 126. Kc7 Ra6 127. Kb7 Bd6 128. Kc8 Kc5 129. Rb7 Kd5 130. Kd7 Ra8 131. Rb5+ Bc5 132. Rb7 Rf8 133. Kc7 Rf7+ 134. Kc8 1/2-1/2

[Event "otb"]
[Site "otb"]
[Date "2007.04.15"]
[Round "1.2"]
[White "Jankovic Alojzije"]
[Black "Eljanov Pavel"]
[Result "1/2-1/2"]
[WhiteElo "2541"]
[BlackElo "2686"]
[PlyCount "103"]
[Source "www.chesslib.no"]
[SourceDate "2004.05.04"]

1. d4 Nf6 2. c4 e6 3. Nf3 d5 4. Nc3 Nbd7 5. Bf4 Bb4 6. e3 c5 7. a3 Bxc3+ 8. bxc3 Qa5 9. Qc2 O-O 10. Bd3 dxc4 11. Bxc4 b5 12. Be2 Bb7 13. O-O Nd5 14. Bd6 Rfc8 15. dxc5 Nxc5 16. Rfc1 Qb6 17. Be5 f6 18. Bd4 e5 19. Bxc5 Rxc5 20. Qb3 Kh8 21. Nd2 Rac8 22. Ne4 R5c7 23. Qxb5 Qxb5 24. Bxb5 Nxc3 25. Nxc3 Rxc3 26. Rxc3 Rxc3 27. Rd1 h5 28. f3 Rxa3 29. Rd8+ Kh7 30. Bd3+ e4 31. fxe4 Ba6 32. Bc2 Ra1+ 33. Kf2 Ra2 34. Rd2 Bd3 35. Rxd3 Rxc2+ 36. Kf3 a5 37. Rd5 g5 38. Rxa5 Kg6 39. e5 fxe5 40. Rxe5 Kf6 41. Re8 Rc4 42. h3 Ra4 43. Re4 Ra1 44. Rb4 Rf1+ 45. Ke2 Ra1 46. Rb6+ Kf5 47. Rh6 Ra2+ 48. Kf3 g4+ 49. hxg4+ hxg4+ 50. Kg3 Re2 51. Rh5+ Kf6 52. Kxg4 1/2-1/2

[Event "Slovenija"]
[Site "?"]
[Date "1999.??.??"]
[Round "?"]
[White "Atalik, S."]
[Black "Beliavsky, A."]
[Result "1/2-1/2"]
[WhiteElo "2595"]
[BlackElo "2615"]
[PlyCount "120"]
[EventDate "1999.??.??"]
[Source "Chess Informant"]
[SourceDate "1999.10.01"]

1. d4 Nf6 2. c4 e6 3. Nf3 d5 4. Nc3 Be7 5. Qc2 Na6 6. Bg5 O-O 7. cxd5 Nb4 8. Qb1 Nbxd5 9. e4 Nxc3 10. bxc3 c5 11. Bd3 h6 12. Bd2 b6 13. O-O Bb7 14. a4 Qc8 15. a5 Ba6 16. Bxa6 Qxa6 17. e5 Nd5 18. axb6 Qxb6 19. Qe4 cxd4 20. Rfb1 Qc7 21. cxd4 Rfc8 22. Qg4 Kf8 23. Rc1 Qd7 24. Rxc8+ Rxc8 25. h4 Bb4 26. Bxb4+ Nxb4 27. Qe4 Kg8 28. Qe2 Nc6 29. Qa6 Rc7 30. Ra4 Rb7 31. Rc4 Rb6 32. Qa4 Qd5 33. Qc2 g6 34. Kh2 Kg7 35. Qc3 Ne7 36. Ra4 Rb3 37. Qc5 Rb7 38. Qxd5 Nxd5 39. g4 Kf8 40. Kg3 Kg7 41. Ra6 h5 42. Ng5 hxg4 43. Kxg4 Rd7 44. Nf3 Nb4 45. Ra4 Nc6 46. Rc4 Ne7 47. Ra4 Kh6 48. Ra6 Nf5 49. Ra4 Rc7 50. Ra6 Kg7 51. h5 gxh5+ 52. Kxh5 Rc2 53. Rxa7 Rxf2 54. Kg4 Rf1 55. Ra8 Rf2 56. Rd8 Rg2+ 57. Kf4 Ne7 58. Nh4 Re2 59. Kg3 Re4 60. Rd7 Kf8 1/2-1/2

[Event "EU-ch 2nd"]
[Site "Ohrid"]
[Date "2001.06.04"]
[Round "4"]
[White "Chuchelov, Vladimir"]
[Black "Vaganian, Rafael A"]
[Result "0-1"]
[WhiteElo "2550"]
[BlackElo "2641"]
[PlyCount "66"]
[EventDate "2001.06.01"]
[Source "ChessBase"]
[SourceDate "2001.09.13"]

1. Nf3 d5 2. d4 Nf6 3. c4 e6 4. Nc3 Be7 5. Qc2 dxc4 6. e4 Nc6 7. e5 Nb4 8. Qb1 Nd7 9. Bxc4 c5 10. dxc5 Nxc5 11. O-O a6 12. a3 Nc6 13. b4 Nd7 14. Qe4 Qc7 15. Bf4 b5 16. Nxb5 axb5 17. Bxb5 Bb7 18. Rfc1 Rc8 19. Nd4 Ndb8 20. Bxc6+ Nxc6 21. b5 Qa5 22. bxc6 Ba8 23. a4 O-O 24. Rc4 Rb8 25. Rac1 Ba3 26. R1c3 Bb2 27. Rh3 g6 28. Nb5 Rfc8 29. g4 Rb6 30. Qe2 Rbxc6 31. Bd2 Qxd2 32. Qxd2 Rxc4 33. f3 Rc1+ 0-1

[Event "Magyarorszag 74/429"]
[Site "?"]
[Date "1998.??.??"]
[Round "?"]
[White "Pinter, Jozsef"]
[Black "Portisch, Lajos"]
[Result "1-0"]
[WhiteElo "2595"]
[BlackElo "2595"]
[PlyCount "135"]
[EventDate "1998.??.??"]
[Source "ChessBase"]
[SourceDate "1998.10.01"]

1. d4 Nf6 2. c4 e6 3. Nc3 d5 4. Nf3 Nbd7 5. Bf4 Bb4 6. cxd5 Nxd5 7. Bd2 N7f6 8. a3 Nxc3 9. bxc3 Ba5 10. Qc2 c5 11. e3 cxd4 12. exd4 Bd7 13. Ne5 Rc8 14. Rb1 Bb6 15. Nxd7 Nxd7 16. Qe4 O-O 17. Bd3 Nf6 18. Qf3 e5 19. dxe5 Nd7 20. Bf4 Re8 21. Rb5 Qc7 22. O-O Qxc3 23. Rb3 Qc5 24. Rb5 Qc6 25. Rd5 Nc5 26. Rc1 Qe6 27. Rd6 Qe7 28. Bf5 Rcd8 29. g3 Ne6 30. Bxe6 fxe6 31. h4 Qf7 32. Qe4 Rd7 33. Rcd1 Rc7 34. a4 Bc5 35. Rd8 Bf8 36. Be3 b6 37. Kg2 Rxd8 38. Rxd8 Rd7 39. Ra8 Rd5 40. Kh2 Qb7 41. Rd8 Rd7 42. Qxb7 Rxb7 43. a5 bxa5 44. Bc5 Rf7 45. h5 g5 46. h6 g4 47. Kg2 Rf3 48. Kf1 a4 49. Bxf8 Rxf8 50. Rd4 Rf5 51. Rxg4+ Kf8 52. Rxa4 Rxe5 53. Rxa7 Rh5 54. Rxh7 Kg8 55. Ra7 Rxh6 56. Kg2 Kf8 57. g4 Rh4 58. f3 Rh6 59. Kg3 Rf6 60. Rb7 Ke8 61. Kf2 Rf4 62. Kg3 Rf6 63. f4 Kf8 64. Rb5 Rf7 65. Rb8+ Kg7 66. Re8 Kf6 67. g5+ Kf5 68. Kf3 1-0

[Event "Schweiz 86/408"]
[Site "?"]
[Date "2002.??.??"]
[Round "?"]
[White "Pelletier, Y."]
[Black "Jusupow, A."]
[Result "1-0"]
[WhiteElo "2568"]
[BlackElo "2618"]
[PlyCount "81"]
[EventDate "2002.??.??"]
[Source "Chess Informant"]
[SourceDate "2002.10.01"]

1. Nf3 d5 2. d4 Nf6 3. c4 e6 4. Nc3 Nbd7 5. Bf4 dxc4 6. e3 Nb6 7. Bxc4 Nxc4 8. Qa4+ c6 9. Qxc4 Nd5 10. O-O Nxf4 11. exf4 Be7 12. Rfe1 O-O 13. Rad1 a5 14. Ne5 a4 15. a3 Qa5 16. Re3 Qa6 17. Qa2 b5 18. Ne4 b4 19. axb4 Bxb4 20. Qb1 f5 21. Nc5 Qb5 22. Qc1 Rd8 23. Ncd3 Bd6 24. Nc5 Be7 25. Rc3 Rd5 26. g3 Bd6 27. Nf3 h6 28. h4 Rb8 29. Rd2 Ba6 30. Nxa6 Qxa6 31. Rxc6 Qb7 32. Qc4 Kh7 33. Re2 Qd7 34. Qxa4 Rdb5 35. Qa6 Bc7 36. Rexe6 Rxb2 37. Rxh6+ gxh6 38. Rxh6+ Kg8 39. Qg6+ Qg7 40. Qe6+ Qf7 41. Rh8+ 1-0

[Event "Elgoibar 10th"]
[Site "Elgoibar"]
[Date "2000.??.??"]
[Round "2"]
[White "Georgiev, Vladimir"]
[Black "Korneev, Oleg"]
[Result "1/2-1/2"]
[WhiteElo "2564"]
[BlackElo "2619"]
[PlyCount "69"]
[EventDate "2000.11.28"]
[Source "ChessBase"]
[SourceDate "2001.03.20"]

1. d4 d5 2. c4 e6 3. Nc3 Be7 4. Nf3 Nf6 5. e3 O-O 6. Bd3 c5 7. O-O Nc6 8. a3 a6 9. dxc5 Bxc5 10. b4 Ba7 11. Bb2 dxc4 12. Bxc4 Qxd1 13. Rfxd1 b5 14. Bd3 Bb7 15. Ne4 Nxe4 16. Bxe4 Rfd8 17. Kf1 Rxd1+ 18. Rxd1 Rd8 19. Rc1 Rc8 20. Ne5 Nd8 21. Rxc8 Bxc8 22. Nc6 Nxc6 23. Bxc6 f6 24. Ke2 Kf7 25. f4 Ke7 26. Kd3 Kd6 27. Be4 h6 28. Ba8 Bd7 29. g4 Bb6 30. h4 Bc6 31. Bxc6 Kxc6 32. h5 Bd8 33. Bd4 Be7 34. e4 Bd6 35. Be3 1/2-1/2

[Event "Monarch Assurance op 11th"]
[Site "Port Erin"]
[Date "2002.10.03"]
[Round "6"]
[White "Epishin, Vladimir"]
[Black "Lalic, Bogdan"]
[Result "1-0"]
[WhiteElo "2643"]
[BlackElo "2540"]
[PlyCount "89"]
[EventDate "2002.09.28"]
[Source "ChessBase"]
[SourceDate "2002.11.06"]

1. d4 d5 2. c4 e6 3. Nc3 Be7 4. Nf3 Nf6 5. Qc2 dxc4 6. e4 Nc6 7. Be3 Ng4 8. Bxc4 Nb4 9. Qe2 c5 10. a3 Nxe3 11. fxe3 Nc6 12. d5 Na5 13. Bb5+ Kf8 14. O-O a6 15. Ba4 b5 16. Bc2 g6 17. Rad1 Qc7 18. e5 exd5 19. Nxd5 Qa7 20. Be4 Rb8 21. Qe1 Nc4 22. b3 Nb6 23. Qg3 Be6 24. Ng5 Bxg5 25. Qxg5 Nxd5 26. Bxd5 Qe7 27. Rf6 h6 28. Qxg6 Rd8 29. Rdf1 Bxd5 30. e6 Bxe6 31. Rxe6 Rd1 32. Rxe7 Rxf1+ 33. Kxf1 fxg6 34. Rc7 h5 35. Ke2 h4 36. Rxc5 Kg7 37. Rc7+ Kf6 38. Ra7 h3 39. gxh3 Kg5 40. Rxa6 Rxh3 41. Ra5 Rxh2+ 42. Kf3 Kh4 43. Rxb5 g5 44. Rb4+ Kh3 45. Rg4 1-0

[Event "Chalkidiki"]
[Site "Chalkidiki"]
[Date "1992.??.??"]
[Round "6"]
[White "Sokolov, Ivan"]
[Black "Kotronias, Vasilios"]
[Result "1-0"]
[WhiteElo "2625"]
[BlackElo "2550"]
[PlyCount "63"]
[EventDate "1992.09.??"]
[Source "ChessBase"]

1. c4 e6 2. Nc3 d5 3. d4 Be7 4. Bf4 Nf6 5. e3 O-O 6. Nf3 c5 7. dxc5 Bxc5 8. a3 Nc6 9. Be2 dxc4 10. Bxc4 a6 11. Qc2 Be7 12. O-O b5 13. Bd3 Bb7 14. Rad1 Qe8 15. e4 b4 16. e5 Nh5 17. Ne2 Rc8 18. Qb1 Kh8 19. Bd2 f5 20. exf6 gxf6 21. Ng3 Qf7 22. Rfe1 Rg8 23. Be4 Nxg3 24. hxg3 bxa3 25. bxa3 Bc5 26. Be3 Bxe3 27. Rxe3 Rgd8 28. Rde1 Rd6 29. Rb3 Rd7 30. Rb6 Rcc7 31. Qa1 Kg8 32. Rxb7 1-0

[Event "SWE-chT 0102"]
[Site "?"]
[Date "2002.02.09"]
[Round "7"]
[White "Nielsen Peter Heine"]
[Black "Akesson Ralf"]
[Result "1/2-1/2"]
[WhiteElo "2692"]
[BlackElo "2480"]
[PlyCount "71"]
[EventDate "2002.??.??"]
[Source "www.chesslib.no"]
[SourceDate "2004.05.04"]

1. d4 d5 2. c4 e6 3. Nc3 Be7 4. Bf4 Nf6 5. e3 O-O 6. Nf3 c5 7. dxc5 Bxc5 8. cxd5 Nxd5 9. Nxd5 exd5 10. a3 Nc6 11. Bd3 Bb6 12. O-O d4 13. Qc2 h6 14. e4 Be6 15. Rac1 Rc8 16. Qa4 a6 17. Ne5 Nxe5 18. Bxe5 Qd7 19. Qb4 Ba7 20. h3 Rfd8 21. Rfd1 f6 22. Bf4 Rxc1 23. Rxc1 Rc8 24. Rxc8+ Qxc8 25. Qe7 Bc5 26. Bd6 Bxd6 27. Qxd6 Bc4 28. Bb1 Be2 29. Kh2 Qc1 30. Ba2+ Bc4 31. Qc7 b5 32. b3 Qxa3 33. bxc4 Qxa2 34. Qc8+ Kh7 35. Qf5+ Kh8 36. Qc8+ 1/2-1/2

[Event "Sochi"]
[Site "?"]
[Date "1986.??.??"]
[Round "?"]
[White "Eingorn, V."]
[Black "Vaganian, R."]
[Result "1-0"]
[WhiteElo "2570"]
[BlackElo "2600"]
[PlyCount "75"]
[EventDate "1986.??.??"]
[Source "ChessBase"]
[SourceDate "1986.07.01"]

1. d4 d5 2. c4 e6 3. Nc3 Be7 4. Nf3 Nf6 5. Qc2 O-O 6. cxd5 Nxd5 7. g3 Nxc3 8. bxc3 c5 9. Bg2 Nc6 10. dxc5 Bxc5 11. O-O Qe7 12. Ng5 f5 13. e4 h6 14. Nf3 Qf6 15. exf5 Qxf5 16. Qe2 Bd7 17. Be3 Bxe3 18. Qxe3 Rad8 19. Rad1 Bc8 20. Nd4 Nxd4 21. cxd4 b6 22. Rfe1 Rf7 23. Rd2 Rc7 24. h4 Kh8 25. d5 exd5 26. Rxd5 Qf8 27. Qf4 Rcd7 28. Rxd7 Bxd7 29. Qc7 Bg4 30. Qxa7 Rd2 31. Qxb6 Rxa2 32. Re4 h5 33. Rf4 Qe8 34. Qb4 Ra1+ 35. Kh2 Kh7 36. Be4+ g6 37. Qb7+ Bd7 38. Qd5 1-0

[Event "Linares Anibal op"]
[Site "Linares"]
[Date "1999.01.16"]
[Round "9"]
[White "Giorgadze, Giorgi"]
[Black "Burmakin, Vladimir"]
[Result "1/2-1/2"]
[WhiteElo "2610"]
[BlackElo "2560"]
[PlyCount "47"]
[EventDate "1999.01.??"]
[Source "ChessBase"]
[SourceDate "1999.03.01"]

1. d4 d5 2. c4 e6 3. Nc3 Be7 4. Bf4 Nf6 5. e3 O-O 6. Nf3 c5 7. dxc5 Qa5 8. a3 dxc4 9. Bxc4 Qxc5 10. Qe2 a6 11. b4 Qh5 12. Bd3 Nc6 13. O-O Nd5 14. Nxd5 exd5 15. Ne5 Qxe2 16. Bxe2 Nxe5 17. Bxe5 Be6 18. Rfc1 Rfc8 19. Rxc8+ Rxc8 20. Bd3 f6 21. Bd4 Bd7 22. f3 g6 23. Rd1 Bb5 24. Bxb5 1/2-1/2

[Event "Texas-ch"]
[Site "Dallas"]
[Date "2000.??.??"]
[Round "4"]
[White "Shulman, Yuri"]
[Black "Annakov, Babakuli"]
[Result "1/2-1/2"]
[WhiteElo "2552"]
[BlackElo "2600"]
[PlyCount "37"]
[EventDate "2000.06.??"]
[Source "www.chesslib.no"]
[SourceDate "2004.05.04"]

1. d4 d5 2. c4 e6 3. Nf3 Nf6 4. Nc3 Nbd7 5. Bf4 dxc4 6. e3 Nd5 7. Bxc4 Nxf4 8. exf4 c6 9. O-O Be7 10. Re1 O-O 11. Qe2 Nb6 12. Bb3 Nd5 13. g3 Qa5 14. Nxd5 cxd5 15. Ne5 Bd6 16. Rac1 Qb6 17. Qd3 g6 18. h4 Bxe5 19. fxe5 1/2-1/2

[Event "IV Campionato UE"]
[Site "Liverpool ING"]
[Date "2008.09.15"]
[Round "7"]
[White "Williams, Si1"]
[Black "Short, N."]
[Result "0-1"]
[WhiteElo "2496"]
[BlackElo "2655"]
[PlyCount "102"]
[EventDate "2008.09.09"]
[Source "www.chesslib.no"]
[SourceDate "2004.05.04"]

1. d4 Nf6 2. c4 e6 3. Nf3 d5 4. Nc3 Nbd7 5. Bf4 dxc4 6. e3 Nb6 7. Bxc4 Nxc4 8. Qa4+ Bd7 9. Qxc4 Bd6 10. Bg5 h6 11. Bh4 Bc6 12. Ne5 Bxe5 13. dxe5 g5 14. Rd1 Nd7 15. Bg3 Bxg2 16. Rg1 Bc6 17. b4 Qe7 18. e4 O-O-O 19. Ke2 Nb6 20. Qb3 Rxd1 21. Rxd1 Rd8 22. Rxd8+ Qxd8 23. b5 Be8 24. Qb4 Nd7 25. f3 b6 26. Na4 Nf8 27. Nb2 Ng6 28. Nd3 Qe7 29. Qa4 Qd7 30. Qxa7 Qxb5 31. Qa8+ Kd7 32. Ke3 Ke7 33. Qa7 Qc4 34. Qa3+ Kd8 35. Qa8+ Kd7 36. Qa3 Qc6 37. Qa6 Ke7 38. Qa3+ Kd8 39. Be1 Kc8 40. Qc3 Qb5 41. Qb3 Qa6 42. Bc3 c5 43. Nb2 Nf4 44. Nc4 Kc7 45. Be1 Ba4 46. Qc3 Bb5 47. Nd6 Bc6 48. Qc4 Qa3+ 49. Qb3 Qc1+ 50. Kf2 Ba4 51. Qc3 Qd1 0-1

[Event "Belgrade m"]
[Site "Belgrade"]
[Date "1979.??.??"]
[Round "4"]
[White "Gligoric, Svetozar"]
[Black "Ljubojevic, Ljubomir"]
[Result "1/2-1/2"]
[WhiteElo "2560"]
[BlackElo "2590"]
[PlyCount "89"]
[EventDate "1979.03.??"]
[Source "ChessBase"]

1. d4 Nf6 2. c4 e6 3. Nc3 d5 4. Nf3 Nbd7 5. Bf4 dxc4 6. e3 Nb6 7. Be2 c5 8. O-O cxd4 9. Nxd4 Nfd5 10. Nxd5 Qxd5 11. Bf3 Qc5 12. b4 Qe7 13. e4 Bd7 14. a4 Qxb4 15. a5 Na4 16. a6 Nb2 17. axb7 Qxb7 18. Qd2 Qb4 19. Qc2 Rc8 20. Rfb1 c3 21. Ne2 Qc4 22. Be5 Nd3 23. Qxc3 Nxe5 24. Qxe5 Qc5 25. Qb2 Bd6 26. Rc1 Qe5 27. Qxe5 Bxe5 28. Rxc8+ Bxc8 29. Rxa7 O-O 30. g3 Rd8 31. Ra8 Kf8 32. Nc1 Ke7 33. Be2 Bd4 34. Ba6 Bd7 35. Rxd8 Kxd8 36. Ne2 Ba7 37. Kg2 Bc6 38. Bd3 Ke7 39. h4 g6 40. f3 h6 41. Nf4 Kd6 42. Ne2 Be3 43. Kh3 f5 44. exf5 gxf5 45. f4 1/2-1/2